Online Public Access Catalogue

Current Diagnosis & Treatment in Pediatrics (Record no. 5339)

MARC details
000 -LEADER
fixed length control field 00455nam a2200157Ia 4500
020 ## - INTERNATIONAL STANDARD BOOK NUMBER
International Standard Book Number 97800071463003
082 ## - DEWEY DECIMAL CLASSIFICATION NUMBER
Classification number 618.92
Author Mark CUR
100 ## - MAIN ENTRY--PERSONAL NAME
Author Name Hay, william W. (ed)
245 #0 - TITLE STATEMENT
Title Current Diagnosis & Treatment in Pediatrics
250 ## - EDITION STATEMENT
Edition statement 18th
260 ## - PUBLICATION, DISTRIBUTION, ETC.
Place of publication, distribution, etc. New York
Name of publisher, distributor, etc. Lange Medical Books
Date of publication, distribution, etc. 2007
300 ## - PHYSICAL DESCRIPTION
No of Pages 1390 p.
illustrations :ill;
504 ## - BIBLIOGRAPHY, ETC. NOTE
Bibliography, Index, etc. note include index
650 ## - SUBJECT ADDED ENTRY--TOPICAL TERM
Subject Pediatrics,
Keywords Diagnosis .
-- Child health
-- Child diseases
-- IMDC
942 ## - ADDED ENTRY ELEMENTS (KOHA)
Koha item type Books
Source of classification or shelving scheme
Holdings
Item status Home library Current library Shelving location Date acquired Total Checkouts Full call number Barcode Date last seen Koha item type
  Islamabad Medical and Dental College Islamabad Medical and Dental College Islamabad Medical and Dental College 16/03/2018   618.92 CUR 7085 16/03/2018 Books

Copyright @ IMDC Library
Islamabad Medical and Dental College
Bhara Kahu, Islamabad

  Contact the Librarian, IMDC
  Email:: library@imdcollege.edu.pk

  OPAC Customized by
  Mazhar Hussain,
  Librarian:
  Islamabad Medical and Dental College
  Email:: library@imdcollege.edu.pk